Work-family conflict of working mothers: a literature review (Record no. 116850)

000 -LEADER
fixed length control field 00530pab a2200193 454500
008 - FIXED-LENGTH DATA ELEMENTS--GENERAL INFORMATION
fixed length control field 180718b2017 xxu||||| |||| 00| 0 eng d
100 ## - MAIN ENTRY--PERSONAL NAME
Personal name Pareek, Anita
245 ## - TITLE STATEMENT
Title Work-family conflict of working mothers: a literature review
260 ## - PUBLICATION, DISTRIBUTION, ETC.
Date of publication, distribution, etc. 2017
300 ## - PHYSICAL DESCRIPTION
Extent p.2-18.
362 ## - DATES OF PUBLICATION AND/OR SEQUENTIAL DESIGNATION
Dates of publication and/or sequential designation Oct-Dec
650 ## - SUBJECT ADDED ENTRY--TOPICAL TERM
Topical term or geographic name entry element Family roles
650 ## - SUBJECT ADDED ENTRY--TOPICAL TERM
Topical term or geographic name entry element Women workers
650 ## - SUBJECT ADDED ENTRY--TOPICAL TERM
Topical term or geographic name entry element Working mothers
700 ## - ADDED ENTRY--PERSONAL NAME
Personal name Patra, Soumendra Kumar
700 ## - ADDED ENTRY--PERSONAL NAME
Personal name Mangaraj, Sujata
773 ## - HOST ITEM ENTRY
Main entry heading Indian Journal of Training and Development
909 ## -
-- 116856
Holdings
Withdrawn status Lost status Damaged status Not for loan Permanent Location Current Location Date acquired Serial Enumeration / chronology Barcode Date last seen Price effective from Koha item type
        Indian Institute of Public Administration Indian Institute of Public Administration 2018-07-19 Volume no: 47, Issue no: 4 AR117316 2018-07-19 2018-07-19 Articles

Powered by Koha